| 000 | 01772nam a2200529 i 4500 | ||
|---|---|---|---|
| 001 | 51632 | ||
| 003 | KOSZ 005 | ||
| 005 | 20200728092201.0 | ||
| 008 | 051108s2005 pl a f |000 0 pol | ||
| 015 | _aUWD 2005/18656 | ||
| 020 | _a8302078468 | ||
| 035 | _a991028527989705066 | ||
| 035 | _a(PL-WaBN)b17720023-48omnis_nlop | ||
| 035 | _ab17720023 | ||
| 035 | _a(OCoLC)749872471 | ||
| 035 | _a(PL)b0000001772002 | ||
| 035 | _a(EXLNZ-48OMNIS_NETWORK)9910248997205606 | ||
| 040 |
_aWA N _cWA N _dKOSZ 005/HR |
||
| 046 | _k2000 | ||
| 080 | _a664.6 | ||
| 080 | _a(075.3.053.7) | ||
| 100 | 1 |
_aDojutrek, Czesław _eAutor |
|
| 245 | 1 | 0 |
_aCiastkarstwo : _btechnologia dla szkół zasadniczych / _cCzesław Dojutrek, Andrzej Pietrzyk. |
| 250 | _aWyd. 2. | ||
| 260 |
_aWarszawa : _bWydawnictwa Szkolne i Pedagogiczne, _c2005. |
||
| 300 |
_a422, [2] s., [12] s. tabl. kolor. : _bfot., rys. ; _c21 cm. |
||
| 336 |
_aTekst _btxt _2rdacontent |
||
| 337 |
_aBez urządzenia pośredniczącego _bn _2rdamedia |
||
| 338 |
_aWolumin _bnc _2rdacarrier |
||
| 380 | _aKsiążki | ||
| 380 | _aPublikacje dydaktyczne | ||
| 385 |
_mPoziom nauczania _aSzkoły zawodowe |
||
| 388 | _a1901-2000 | ||
| 388 | _a1989-2000 | ||
| 388 | _a2001- | ||
| 504 | _aBibliogr. s. [424]. | ||
| 650 | 7 |
_aCiasta _2DBN |
|
| 650 | 7 | _aCukiernictwo | |
| 650 | 7 | _aTechnologia żywności | |
| 655 | 7 |
_aPodręczniki dla szkół zawodowych _2DBN |
|
| 658 | _aRolnictwo i leśnictwo | ||
| 700 | 1 |
_aPietrzyk, Andrzej _eAutor |
|
| 710 | 2 |
_aWydawnictwa Szkolne i Pedagogiczne _4pbl |
|
| 856 |
_uhttp://koha.tu.koszalin.pl/cgi-bin/koha/opac-detail.pl?biblionumber=51632 _yKatalog online BPK |
||
| 942 |
_2UKD _cKS |
||
| 999 |
_c51632 _d51632 |
||